000 01115nam a22002297a 4500
001 28149
003 BD-RjUL
005 20211209051238.0
008 140329s2011 ii a 000 0 eng d
020 _a9788171394265
035 _a(BD-RjUL)28230
040 _aBD-RjUL
_beng
_cBD-RjUL
041 _aeng
082 _222
_aR 155.03
_bWOR V-3 2011
245 1 _aWorld encyclopaedia of behavioural sciences /
_cUttam Kumar Singh; [...et al].
_nVolume 3
_pPersonality, perception and organisational change.
260 _aNew Delhi :
_bJnanada Prakashan in association with the Global Open University, Nagaland,
_cc2011
300 _axx, 769-1091 p. :
_bill. ;
_c25 cm.
505 _av. 1. Introduction to behavioural sciences -- v. 2. Human and group behaviour -- v. 3. Personality, perception and organisational change -- v. 4. Organisational and learning theories -- v. 5. Leadership, values and transactional analysis -- v. 6. Organisational studies -- v. 7. Conflict and stress management.
650 0 _aHuman behavior
_986152
_vEncyclopeadias
700 1 _aSingh, Uttam Kumar [...et al].
_986153
942 _2ddc
_cREF
999 _c28149
_d28149